书目信息 |
| 题名: |
理想与实践
|
|
| 作者: | 齐振海 , 李春秋 著 | |
| 分册: | ||
| 出版信息: | 上海 上海人民出版社 1982 |
|
| 页数: | 153页 | |
| 开本: | 19cm | |
| 丛书名: | 青年之友丛书 | |
| 单 册: | ||
| 中图分类: | D432.62 | |
| 科图分类: | ||
| 主题词: | 青年工作--思想政治教育--中国 | |
| 电子资源: | ||
| ISBN: | ||
| 000 | 00677nam2 2200253 45 | |
| 001 | 0182000514 | |
| 005 | 20070713094810.01 | |
| 010 | @dCNY0.33 | |
| 091 | @a2074.399 | |
| 100 | @a19960109d1982 em y0chiy0121 ea | |
| 101 | 0 | @achi |
| 102 | @aCN@b310000 | |
| 105 | @ay z 000yy | |
| 200 | 10 | @a理想与实践@Ali xiang yu shi jian@f齐振海,李春秋著@FQi Zhen Hai,Li ChunQiu Zhu |
| 210 | @a上海@c上海人民出版社@d1982 | |
| 215 | @a153页@d19cm | |
| 225 | 2 | @a青年之友丛书 |
| 410 | 0 | @120010@a青年之友丛书 |
| 606 | @a青年工作@x思想政治教育@x中国 | |
| 690 | @aD432.62@v3 | |
| 701 | 0 | @a齐振海@4著 |
| 701 | 0 | @a李春秋@4著 |
| 801 | 0 | @aCN@bNLC@c20070713 |
| 905 | @dD432.62@e107 | |
| 理想与实践/齐振海,李春秋著.-上海:上海人民出版社,1982 |
| 153页;19cm.-(青年之友丛书) |
| ISBN :CNY0.33 |
| ● |
| 相关链接 |
|
|
|
|
正题名:理想与实践
索取号:D432.62/107
 
预约/预借
| 序号 | 登录号 | 条形码 | 馆藏地/架位号 | 状态 | 备注 |
| 1 | 0173962 | 202391090 | 密集书库/ [索取号:D432.62/107] | 在馆 | |
| 2 | 0173963 | 000480517 | 密集书库/ [索取号:D432.62/107] | 在馆 | |
| 3 | 0173964 | 000480535 | 密集书库/ [索取号:D432.62/107] | 在馆 | |
| 4 | 0173965 | 002031009 | 密集书库/ [索取号:D432.62/107] | 在馆 | |
| 5 | 0173966 | 000480526 | 第一样本阅览室/ [索取号:D432.62/107] | 在馆 | |
| 6 | 0769724 | 207697241 | 密集书库/ [索取号:D432.62/107] | 在馆 |